|
|
|
|
| LEADER |
00000nas a2200000 a 4500 |
| 001 |
ssj0000497013 |
| 003 |
WaSeSS |
| 005 |
20200512172242.0 |
| 006 |
m d |
| 007 |
cr n |
| 008 |
100704c20099999li fr p s 0 0eng c |
| 010 |
|
|
|a 2012252276
|
| 022 |
|
|
|l 2029-2449
|y 2029-2430
|
| 035 |
|
|
|a (WaSeSS)ssj0000497013
|
| 040 |
|
|
|a ILGOR
|b eng
|c ILGOR
|d OCLCQ
|d AU@
|d OCLCQ
|d WAU
|d OCLCQ
|d CUS
|d OCLCF
|d OCLCO
|d OCLCQ
|d WaSeSS
|
| 041 |
0 |
|
|a eng
|a lit
|
| 042 |
|
|
|a pcc
|
| 050 |
1 |
4 |
|a Q124.6
|
| 210 |
1 |
|
|a Moksl tech. raida
|b (Online)
|
| 222 |
|
0 |
|a Mokslo ir technikos raida
|b (Online)
|
| 245 |
0 |
0 |
|a Mokslo ir technikos raida
|h [electronic resource].
|
| 246 |
3 |
1 |
|a Evolution of science and technology
|
| 260 |
|
|
|a Vilnius, Lithuania :
|b Vilnius Gediminas Technical University
|
| 310 |
|
|
|a Semiannual
|
| 362 |
1 |
|
|a Began with vol. 1, no. 1 (2009).
|
| 500 |
|
|
|a "Mokslo istorijos žurnalas / Journal of History of Science."
|
| 506 |
|
|
|a License restrictions may limit access.
|
| 546 |
|
|
|a In English and Lithuanian.
|
| 588 |
|
|
|a Description based on: Vol. 1, no. 1 (2009); title from article PDF caption (Publisher's Web site, viewed Apr. 19, 2012).
|
| 588 |
|
|
|a Latest issue consulted: Vol. 3, no. 2 (2011) (viewed Apr. 19, 2012).
|
| 650 |
|
0 |
|a Science
|x History
|v Periodicals.
|
| 650 |
|
0 |
|a Technology
|x History
|v Periodicals.
|
| 650 |
|
7 |
|a Science.
|2 fast
|0 (OCoLC)fst01108176
|
| 650 |
|
7 |
|a Technology.
|2 fast
|0 (OCoLC)fst01145078
|
| 655 |
|
0 |
|a Electronic journals.
|
| 710 |
2 |
|
|a Vilniaus Gedimino technikos universitetas.
|
| 776 |
0 |
8 |
|i Print version:
|a Evolution of Science and Technology
|x 2029-2430
|
| 856 |
4 |
0 |
|z Full text available from Research Library: 01/01/2009 to 01/31/2013
|u https://search.proquest.com/publication/686356
|